Pays et capitales commençant par Saint - Statistiques

Statistiques générales
  • Ce quiz a été pris 20 880 fois
    20 706 depuis la dernière actualisation
  • Le résultat moyen est 7 sur 13
Statistiques - réponses
Réponse % Correct
Sainte-Lucie
87%
Saint Marin
86%
Saint Marin
86%
Saint-Vincent-et-les-Grenadines
79%
Saint-Christophe-et-Nièves
78%
Saint-Domingue
38%
San Salvador
37%
São Tomé
37%
São Tomé et Principe
37%
San José
30%
Santiago
26%
Saint George's
24%
Saint John's
22%
Aucun quiz correspondant
Distribution des résultats
% des personnes avec chaque résultat
Percentile par nombre de réponses
Votre historique - résultats
Vous n’avez pas pris ce quiz depuis la dernière actualisation